Narnia: Prince Caspian Quiz Stats

 Plays Quiz not verified by Sporcle

Also try: Ayn Rand Novels
Challenge
Share
Tweet
Embed
Score 0/22 Timer 03:00
0 Plays Today
Mentions Character % Correct
173Lucy Pevensie
96.2%
214Peter Pevensie
95.9%
229Caspian X
95.1%
149Edmund Pevensie
95.1%
119Susan Pevensie
94.7%
170Aslan
86.5%
85King Miraz (The Usurper)
77.3%
192Trumpkin the Dwarf
64.5%
24Reepicheep the Mouse
61%
56Nikabrik the Dwarf
59.7%
69Trufflehunter the Badger
58.3%
Mentions Character % Correct
94Doctor Cornelius
44.1%
8The White Witch
43.7%
24Lord Glozelle
28.9%
15Glenstorm the Centaur
28.9%
11Lord Sopespian
25.3%
15Wimbleweather the Giant
17.8%
13Pattertwig the Squirrel
17.6%
10Bacchus
13.5%
8Destrier, Caspian's Horse
9.6%
5Gwendolen
8.6%
5Miss Prizzle
6.9%

You're not logged in!

Compare scores with friends on all Sporcle quizzes.
OR
Log In

You Might Also Like...

Show Comments

Extras

Top Quizzes Today


Score Distribution

Your Account Isn't Verified!

In order to create a playlist on Sporcle, you need to verify the email address you used during registration. Go to your Sporcle Settings to finish the process.

Report this User

Report this user for behavior that violates our Community Guidelines.

Details: